Bezirke von Oberösterreich mit Karte - Statistiken

Allgemein
  • Dieses Quiz wurde 119 mal gespielt
  • Das Durchschnittsergebnis liegt bei 13 aus 18
Antworten auf der Karte
Die Antworten werden auf der Karte rot bzw. grün angezeigt, abhängig davon wie oft sie richtig erraten wurden.
 
Antwortstatistiken
Bezirk % Korrekt
Linz
92%
Linz-Land
92%
Wels
89%
Wels-Land
89%
Steyr
82%
Steyr-Land
82%
Gmunden
74%
Braunau am Inn
68%
Perg
68%
Vöcklabruck
68%
Grieskirchen
66%
Kirchdorf an der Krems
66%
Schärding
66%
Urfahr-Umgebung
66%
Ried im Innkreis
63%
Freistadt
61%
Eferding
58%
Rohrbach
58%
Keine übereinstimmenden Quizze gefunden
Verteilung der Resultate
Anzahl Personen mit jedem Resultat
Perzentil nach korrekt beantworteten Fragen
Ihre Resultats-Entwicklung
Sie haben dieses Quiz noch nicht gespielt